| LEADER | 00996nam a2200289 a 4500 | ||
|---|---|---|---|
| 001 | GR-MES2768 | ||
| 008 | 991111s1991 mau b 001 b eng d | ||
| 020 | |a 0849367298 | ||
| 040 | |a GrPaTEI |b gre |c GR-PaULI | ||
| 245 | 0 | 0 | |a Artemia biology. |
| 260 | |a Boston : |b CRC, |c 1991 | ||
| 300 | |a 374σ. : |b pic.,πίν. | ||
| 504 | |a Περιλαμβάνει βιβλιογραφικές παραπομπές και ευρετήριο. | ||
| 650 | 4 | |a Ανατομία | |
| 650 | 4 | |a ΑΡΤΕΜΙΑ | |
| 650 | 4 | |a Βιολογία | |
| 650 | 4 | |a Ιστορία | |
| 650 | 4 | |a ΠΛΑΚΤΟΝ | |
| 650 | 4 | |a Φυσιολογία | |
| 700 | 1 | |a Browne, R. | |
| 700 | 1 | |a Sorgeloos, P. | |
| 700 | 1 | |a Trotman, C. | |
| 710 | 0 | |a CRC | |
| 942 | |2 ddc | ||
| 952 | |0 0 |1 0 |2 ddc |4 0 |6 595_320000000000000_BRO |7 0 |9 267194 |a MSLG |b MSLG |c BSC |d 2021-01-17 |e 24 |f 0 |g 0.00 |l 0 |o 595.32 BRO |p 2420000007364 |r 2021-01-17 00:00:00 |t 1 |w 2021-01-17 |y BK15 |x 19991111 0 1 |x GrPaTEI | ||
| 971 | |a .b25738136 |b 15-04-20 |c 13-09-16 | ||
| 999 | |c 153815 |d 153815 | ||